000 01628cam a22001934a 4500
005 20250605164337.0
008 250528s ||||||||||||||||||||||||d
035 _a23494
040 _aGR-AtMCL
_bgre
_dGR-AtMCL
_eAACR2
245 1 _aThe Psychosocial Implications of Learning Difficulties on Adults/Their Life's Experiences in Greek Context: Dissertation Submitted to the University of Derby in Partial Fulfilment of the Requirements for the Degree of Master of Arts of Education
260 _c2019
300 _a57
520 _aAcknowledgements, Abstract, Introduction to the Study, Rationale, Aim and Purpose, Research Questions, Literature Review, Definition and Determination of Specific Learning Difficulties, Causality and Symptomatology, Neuroscience and Specific Learning Difficulties, Characteristics and Syptomatology of Specific Learning Difficulties, Diagnosis Procedure of Specific Learning Difficulties, Greek Educational Context about Specific Learing Difficulties, Psychological Implications on Adults with Specific Learning Difficulties, Social Challenges on Adults with Specific Learning Difficulties, Methodology, Aim of the Study, Research Questions, Qualitative Methodology, Research Tools, Life Story Model, Sampling Strategy, Sample, Pilot Study, The Interview, Timeline, Thematic Context Analysis, Ethics, Reliability and Validity of Research, Findings, Discussion, Conclusion, Sample Interview Protocol and Interview Questions, Interview, References, Appendices.
700 1 _aKarampela Ioanna
_99064
700 1 _aMousoura Tatiana
_99065
942 _cDS
999 _c8504
_d8504